000 00483nam a22001697a 4500
003 0
005 20241112133617.0
008 241112b xxu||||| |||| 00| 0 eng d
020 _a978-1-407174-16-7
082 _aER
_bSo681 2017
100 _aLord, Leonie
245 _aSofa dog
_cLeonie Lord.
260 _aLondon :
_bScholastic Children's Books,
_cc2017.
300 _a32 unnumbered pages :
_bcol. ill. ;
_c28 cm.
650 _aChildren's stories Pictorial works
942 _2ddc
_cBK
999 _c366686
_d366686